| 000 | 00841nam a22002297a 4500 | ||
|---|---|---|---|
| 005 | 20170124110236.0 | ||
| 010 | _aA-993554 | ||
| 020 |
_c00.00 _a8170173477 |
||
| 035 | _aA-993554 | ||
| 037 | _bCen Lib/Ret | ||
| 040 |
_aDPL _bEN |
||
| 082 |
_a751.77 _bSOD |
||
| 100 |
_aSodhi, Jiwan _942040 |
||
| 245 |
_aA study of Bundi school of painting : _cby Jiwan Sodhi _bfrom the collection of the National Museum, New Delhi / |
||
| 260 |
_aNew Delhi _bAbhinav Publications _c1999 |
||
| 270 |
_bNew Delhi _aE-37, Haus Khas _e110016 |
||
| 300 |
_a235p. : _c30m(Hb) _bcol.ill. |
||
| 500 | _aIncludes bibliographical references and index | ||
| 650 |
_aMiniature painting, Indic -- India -- Bundi (Princely State) _942041 |
||
| 650 |
_aRajput painting -- India -- Bundi (Princely State) _942042 |
||
| 942 |
_2ddc _cEN _h751.77 _mSOD |
||
| 999 |
_c134876 _d134876 |
||